5HLuxD.jpg

KING HENRY VIII SENIOR AND PRIMARY SCHOOL LIBRARY OPAC

Winter's end / (Record no. 161)

000 -LEADER
fixed length control field 01259cam a2200325 a 4500
001 - CONTROL NUMBER
control field 15655264
003 - CONTROL NUMBER IDENTIFIER
control field OSt
005 - DATE AND TIME OF LATEST TRANSACTION
control field 20190729115359.0
008 - FIXED-LENGTH DATA ELEMENTS--GENERAL INFORMATION
fixed length control field 090311s2009 mau d 000 1 eng
010 ## - LIBRARY OF CONGRESS CONTROL NUMBER
LC control number 2009008456
020 ## - INTERNATIONAL STANDARD BOOK NUMBER
International Standard Book Number 9780763644505 hbk
040 ## - CATALOGING SOURCE
Original cataloging agency DLC
Transcribing agency DLC
Modifying agency DLC
041 1# - LANGUAGE CODE
Language code of text/sound track or separate title eng
Language code of original fre
042 ## - AUTHENTICATION CODE
Authentication code lcac
082 00 - DEWEY DECIMAL CLASSIFICATION NUMBER
Classification number FIC MOU
Edition number 22
100 1# - MAIN ENTRY--PERSONAL NAME
Personal name Mourlevat, Jean-Claude.
Relator term author
240 00 - UNIFORM TITLE
Uniform title Combat d'hiver.
Language of a work English
245 10 - TITLE STATEMENT
Title Winter's end /
Statement of responsibility, etc. Jean-Claude Mourlevat ; translated by Anthea Bell.
250 ## - EDITION STATEMENT
Edition statement 1st U.S. ed.
260 ## - PUBLICATION, DISTRIBUTION, ETC.
Place of publication, distribution, etc. Somerville, Mass. :
Name of publisher, distributor, etc. Candlewick Press,
Date of publication, distribution, etc. 2009.
300 ## - PHYSICAL DESCRIPTION
Extent 415 p. ;
Dimensions 22 cm.
520 ## - SUMMARY, ETC.
Summary, etc. Fleeing across icy mountains from a pack of terrifying dog-men sent to hunt them down, four teenagers escape from their prison-like boarding schools to take up the fight against the tyrannical government that murdered their parents fifteen years earlier.
650 #1 - SUBJECT ADDED ENTRY--TOPICAL TERM
Topical term or geographic name entry element Fantasy.
650 #1 - SUBJECT ADDED ENTRY--TOPICAL TERM
Topical term or geographic name entry element Despotism
Form subdivision Fiction.
650 #1 - SUBJECT ADDED ENTRY--TOPICAL TERM
Topical term or geographic name entry element Orphans
Form subdivision Fiction.
700 1# - ADDED ENTRY--PERSONAL NAME
Personal name Bell, Anthea.
Relator term Translator
906 ## - LOCAL DATA ELEMENT F, LDF (RLIN)
a 7
b cbc
c orignew
d 1
e ecip
f 20
g y-gencatlg
942 ## - ADDED ENTRY ELEMENTS (KOHA)
Source of classification or shelving scheme
Koha item type Books - Fiction
Holdings
Withdrawn status Lost status Source of classification or shelving scheme Damaged status Not for loan Collection code Permanent Location Current Location Shelving location Date acquired Total Checkouts Full call number Barcode Date last seen Date last checked out Price effective from Koha item type
          Fiction KH8 Senior School Library KH8 Senior School Library Fiction 2019-07-29 3 FIC MOU 3KHSL000101245 2025-09-02 2025-08-26 2019-07-29 Books - Fiction

Powered By KH8 IT Dept